| 000 | 00441nam a2200157Ia 4500 | ||
|---|---|---|---|
| 999 |
_c32662 _d32662 |
||
| 003 | OSt | ||
| 005 | 20200918105253.0 | ||
| 008 | 190216s9999||||xx |||||||||||||| ||und|| | ||
| 040 | _coclc | ||
| 082 |
_a530 _bMEN/I |
||
| 100 |
_aMenon, E R _94729 |
||
| 245 | 0 |
_aIntermediate Practical Physics / _cE R Menon |
|
| 260 |
_bMacmillan &co Ltd, _aMadras: _c1953. |
||
| 300 | _a272p | ||
| 942 |
_cBK _2ddc _h530 _iMEN/I _k530 _mMEN/I |
||